000 00545nam a22002057a 4500
999 _c6218
_d6218
003 OSt
005 20190814155026.0
008 190814b ||||| |||| 00| 0 eng d
020 _a9780471608998
040 _cDNM
082 _aQT34 G327P 1989
100 _aGeddes, L.A. ; Baker, L.E
_912799
245 _aPrinciples of Appled Biomedical Instrumentation
250 _a3rd ed.
260 _aNew York; John Wiley, 1989
300 _axxvi,961p;ill: 24cm
504 _aReference, & included
650 _aBiomedical
_912800
942 _2z
_cBOOK